Music Quiz

Random Music or Artist Quiz

Name That Track IV Quiz Stats

 Plays Quiz not verified by Sporcle

Also try: Name That Track
Challenge
Share
Tweet
Score 0/95 Timer 20:00
0 Plays Today
Time Track Name % Correct
2:00 - 2:05Walk Like an Egyptian
91.2%
6:30 - 6:35Superstition
91.2%
3:55 - 4:00Hungry Like the Wolf
88.2%
2:25 - 2:30School's Out
82.4%
2:50 - 2:55Funkytown
82.4%
5:10 - 5:15London Calling
82.4%
1:50 - 1:55All Star
76.5%
3:20 - 3:25Bad Moon Rising
73.5%
3:35 - 3:40Kryptonite
73.5%
7:05 - 7:10Won't Get Fooled Again
73.5%
1:15 - 1:20Hold the Line
70.6%
0:25 - 0:30Start Me Up
67.6%
3:50 - 3:55Moondance
67.6%
5:25 - 5:30She Drives Me Crazy
64.7%
6:35 - 6:40Cum On Feel the Noize
64.7%
0:45 - 0:50Friday I'm in Love
58.8%
5:00 - 5:05La Grange
58.8%
7:25 - 7:30West End Girls
58.8%
7:40 - 7:45Nowhere Man
58.8%
4:15 - 4:20We Can Work It Out
55.9%
3:40 - 3:45Broken Wings
52.9%
4:35 - 4:40Personal Jesus
52.9%
4:55 - 5:00The Longest Time
52.9%
7:30 - 7:35The Logical Song
52.9%
0:40 - 0:45Rock and Roll
50%
6:00 - 6:05Hello, I Love You
50%
7:00 - 7:05The Way It Is
50%
7:10 - 7:15Abracadabra
50%
7:15 - 7:20Black Magic Woman
50%
6:25 - 6:30Holding Out For a Hero
47.1%
1:20 - 1:25Radio Ga Ga
44.1%
6:50 - 6:55Raspberry Beret
44.1%
Time Track Name % Correct
0:00 - 0:05Ghost Town
41.2%
1:35 - 1:40Mr Tambourine Man
41.2%
1:45 - 1:50Drive
41.2%
4:10 - 4:15The Chain
41.2%
5:50 - 5:55I Can't Dance
41.2%
0:35 - 0:40The Trooper
38.2%
2:20 - 2:25She Hates Me
38.2%
3:00 - 3:05Some Kind of Wonderful
38.2%
4:25 - 4:30Blue Monday
38.2%
5:55 - 6:00Crosstown Traffic
38.2%
7:20 - 7:25Overkill
38.2%
7:45 - 7:50Wherever You Will Go
38.2%
1:00 - 1:05Pompeii
35.3%
2:45 - 2:50Word Up
35.3%
3:10 - 3:15New Sensation
35.3%
0:10 - 0:15Talk
32.4%
4:05 - 4:10Tell Her About It
32.4%
6:45 - 6:50Misirlou
32.4%
1:05 - 1:10High and Dry
29.4%
2:05 - 2:10Mr Blue Sky
29.4%
2:40 - 2:45Country House
29.4%
6:15 - 6:20Mother
29.4%
0:05 - 0:10Handle With Care
26.5%
1:55 - 2:00Big Time
26.5%
4:40 - 4:45Morning Glory
26.5%
2:55 - 3:00Eminence Front
23.5%
3:45 - 3:50Private Eyes
23.5%
4:00 - 4:05Gold
23.5%
4:50 - 4:55You're the Voice
23.5%
5:15 - 5:20Imitation of Life
23.5%
5:40 - 5:45I'm Outta Love
23.5%
0:30 - 0:35Change
20.6%
Time Track Name % Correct
2:35 - 2:40The Eve of the War
20.6%
3:05 - 3:10You Only Live Twice
20.6%
3:30 - 3:35Tunnel of Love
20.6%
6:40 - 6:45Spectrum
20.6%
7:35 - 7:40Violet Hill
20.6%
2:10 - 2:15Panic
17.6%
4:30 - 4:35Nutbush City Limits
17.6%
1:30 - 1:35See Emily Play
14.7%
4:45 - 4:50Alive and Kicking
14.7%
5:20 - 5:25See My Baby Jive
14.7%
6:55 - 7:00Bridge to Your Heart
14.7%
0:55 - 1:00Sweet Harmony
11.8%
5:45 - 5:50Black Eyed Boy
11.8%
6:05 - 6:10The Day We Caught the Train
11.8%
1:10 - 1:15The Brazilian
8.8%
1:25 - 1:30From Russia With Love
8.8%
1:40 - 1:45Run Boy Run
8.8%
3:15 - 3:20Doom and Gloom
8.8%
3:25 - 3:30These Days
8.8%
5:30 - 5:35Spanish Eyes
8.8%
2:15 - 2:20Secret Smile
5.9%
0:20 - 0:25Brewing Up A Storm
2.9%
6:10 - 6:15Rope
2.9%
6:20 - 6:25Icarus
2.9%
0:15 - 0:20Graffiti On the Train
0%
0:50 - 0:55Looking For The Summer
0%
2:30 - 2:35Lean to the Inside
0%
4:20 - 4:259,000 Miles
0%
5:05 - 5:10Stop For a Minute
0%
5:35 - 5:40She Looks to Me
0%
7:50 - 8:00All Hell Breaks Loose
0%

You're not logged in!

Compare scores with friends on all Sporcle quizzes.
Join for Free
OR
Log In

You Might Also Like...

Show Comments

Extras

Top Quizzes Today


Score Distribution

Your Account Isn't Verified!

In order to create a playlist on Sporcle, you need to verify the email address you used during registration. Go to your Sporcle Settings to finish the process.

Report this User

Report this user for behavior that violates our Community Guidelines.

Details: